Φορτώνει......

Battle for Moswow [1941-1942] /

Λεπτομέρειες βιβλιογραφικής εγγραφής
Κύριος συγγραφέας: Seaton, Albert
Μορφή: Printed Book
Γλώσσα:English
Έκδοση: London : Rupert Hart Davis, 1971.
LEADER 00434nam a2200121Ia 4500
008 150624b xxu||||| |||| 00| 0 eng d
082 |a 940.53 
100 |a Seaton, Albert 
245 |a Battle for Moswow [1941-1942] /  |c Albert Seaton 
260 |a London :  |b Rupert Hart Davis,  |c 1971. 
942 |c BK 
999 |c 60450  |d 60450 
952 |0 0  |1 0  |4 0  |6 940_530000000000000_SEA_B  |7 0  |9 60427  |a UL  |b UL  |c SEC  |d 2012-10-27  |l 0  |o 940.53 SEA/B  |p D1455  |r 2012-10-27  |w 2012-10-27  |y BK